Hitchhiker's Guide to the Galaxy: (Record no. 15407)
[ view plain ]
| 000 -LEADER | |
|---|---|
| fixed length control field | 01917ngm a2200385 4500 |
| 003 - CONTROL NUMBER IDENTIFIER | |
| control field | dpl |
| 005 - DATE AND TIME OF LATEST TRANSACTION | |
| control field | 20080723110517.0 |
| 007 - PHYSICAL DESCRIPTION FIXED FIELD--GENERAL INFORMATION | |
| fixed length control field | DVD |
| 008 - FIXED-LENGTH DATA ELEMENTS--GENERAL INFORMATION | |
| fixed length control field | ||||||sp199 xxu|||||c|||| 00| 0 eng d |
| 010 ## - LIBRARY OF CONGRESS CONTROL NUMBER | |
| LC control number | DVD-000288 DVD-001068-1069 |
| 024 ## - OTHER STANDARD IDENTIFIER | |
| Standard number or code | A3281 |
| Terms of availability | 599.00 |
| 035 ## - SYSTEM CONTROL NUMBER | |
| System control number | DVD-000282 |
| 037 ## - SOURCE OF ACQUISITION | |
| Stock number | DVD-000288 DVD-001068-1069 |
| 040 ## - CATALOGING SOURCE | |
| Original cataloging agency | DPL |
| Transcribing agency | DPL |
| 082 ## - DEWEY DECIMAL CLASSIFICATION NUMBER | |
| Classification number | DVD / HITC |
| 245 ## - TITLE STATEMENT | |
| Title | Hitchhiker's Guide to the Galaxy: |
| Statement of responsibility, etc | Touchstone Pictures and Spyglass Entertainment |
| Medium | [videorecording] DVD/ |
| Remainder of title | Dont Panic |
| 246 ## - VARYING FORM OF TITLE | |
| Title proper/short title | . |
| 260 ## - PUBLICATION, DISTRIBUTION, ETC. (IMPRINT) | |
| Name of publisher, distributor, etc | Touchstone Pictures |
| 300 ## - PHYSICAL DESCRIPTION | |
| Extent | 1 videodisc DVD; (109 min.) : |
| Other physical details | sd., col. ; |
| Dimensions | 4 3/4 in. |
| Type of unit | DVD |
| 500 ## - GENERAL NOTE | |
| General note | Sole Distributor in India M/s. Excel Productions Autio Visuals Pvt. Ltd. |
| 500 ## - GENERAL NOTE | |
| General note | Special Features: Making of the "Hitchhicker's Guide To The Galaxy", Additional Guide Entry, Deleted Scenes |
| 538 ## - SYSTEM DETAILS NOTE | |
| System details note | Dolby Digital 5.1-English, Thai Subtitles: English, Bahasa ,Thai, Malay, Korean |
| 538 ## - SYSTEM DETAILS NOTE | |
| System details note | Aspect Ratio: 2.35:1, Presentation type: Wide Screne, Presentation Size 16x9, Format DVD 9 Dual Layer Single Sided Disc. |
| 650 ## - SUBJECT ADDED ENTRY--TOPICAL TERM | |
| Topical term or geographic name as entry element | Motion Picture |
| 700 ## - ADDED ENTRY--PERSONAL NAME | |
| Personal name | Freeman, Martin |
| 700 ## - ADDED ENTRY--PERSONAL NAME | |
| Personal name | Nighty, Bill |
| 700 ## - ADDED ENTRY--PERSONAL NAME | |
| Personal name | Davis, Warwick |
| 700 ## - ADDED ENTRY--PERSONAL NAME | |
| Personal name | Chjancelor, Anna |
| 700 ## - ADDED ENTRY--PERSONAL NAME | |
| Personal name | Rickman, Alan |
| 942 ## - ADDED ENTRY ELEMENTS (KOHA) | |
| Koha item type | CD-ROMs, DVDs, VHS |
| Source of classification or shelving scheme | Dewey Decimal Classification |
| Classification part | DVD |
| Call number suffix | HITC |
| Withdrawn status | Lost status | Source of classification or shelving scheme | Damaged status | Not for loan | Home library | Current library | Date acquired | Source of acquisition | Cost, normal purchase price | Total Checkouts | Full call number | Barcode | Date last seen | Date checked out | Copy number | Cost, replacement price | Price effective from | Koha item type |
|---|---|---|---|---|---|---|---|---|---|---|---|---|---|---|---|---|---|---|
| Dewey Decimal Classification | Central Library | Central Library | 08/09/2008 | Purchase | 599.00 | 24 | DVD HITC | DVD-000288 | 04/05/2018 | 01/05/2018 | 1 | 599.00 | 15/09/2008 | CD-ROMs, DVDs, VHS | ||||
| Dewey Decimal Classification | Patel Nagar | Patel Nagar | 20/10/2008 | Purchase | 499.00 | 4 | DVD HITC | DVD-001069 | 07/08/2009 | 19/07/2009 | 1 | 499.00 | 20/10/2008 | CD-ROMs, DVDs, VHS | ||||
| Dewey Decimal Classification | Sarojini Nagar | Sarojini Nagar | 20/10/2008 | Purchase | 499.00 | 24 | DVD HITC | DVD-001068 | 12/07/2013 | 29/06/2013 | 1 | 499.00 | 20/10/2008 | CD-ROMs, DVDs, VHS |
